Mélanges de philosophie juive et arabe / (Record no. 160355)

MARC details
000 -LEADER
campo de control de longitud fija 01031nam a22002175i 4500
001 - NÚMERO DE CONTROL
campo de control 160355
003 - IDENTIFICADOR DE NÚMERO DE CONTROL
campo de control ES-MaACL
005 - FECHA Y HORA DE LA ÚLTIMA TRANSACCIÓN
campo de control 20250804045006.0
008 - DATOS DE LONGITUD FIJA--INFORMACIÓN GENERAL
campo de control de longitud fija 011024s1857 fr |||| | fre d
040 ## - FUENTE DE CATALOGACIÓN
Centro catalogador/agencia de origen CAM
Lengua de catalogación spa
Centro/agencia transcriptor CAM
100 1# - ENTRADA PRINCIPAL--NOMBRE DE PERSONA
Nombre de persona Munk, S.
9 (RLIN) 130281
245 10 - MENCIÓN DEL TÍTULO
Título Mélanges de philosophie juive et arabe /
Mención de responsabilidad, etc. par S. Munk.
260 ## - PUBLICACIÓN, DISTRIBUCIÓN, ETC.
Lugar de publicación, distribución, etc. Paris :
Nombre del editor, distribuidor, etc. chez A. Franck, libraire,
Fecha de publicación, distribución, etc. 1857 (
Fabricante Imprimerie Guiraudet et Jouaust)
300 ## - DESCRIPCIÓN FÍSICA
Extensión 536, [76] p. ;
Dimensiones 23 cm.
505 8# - NOTA DE CONTENIDO CON FORMATO
Nota de contenido con formato Première livraison renfermant des extraits méthodiques de la "Source de vie" de Salomon Ibn-Gebirol (dit Avicebron), traduits de l'arabe en hébreu par Schem-Tob Ibn-Falaquéra ; La traduction française de ces extraits... ; Une notice sur la vie et les écrits d'Ibn-Gebirol...
594 #1 - Nota al título y mención de responsabilidad
Nota al título y mención de responsabilidad Al final en caracteres hebreos "Texte hebreu des extraits de la Source de vie"
650 07 - PUNTO DE ACCESO ADICIONAL DE MATERIA--TÉRMINO DE MATERIA
Término de materia o nombre geográfico como elemento de entrada Filosofía árabe
Fuente del encabezamiento o término embne
9 (RLIN) 136117
650 #7 - PUNTO DE ACCESO ADICIONAL DE MATERIA--TÉRMINO DE MATERIA
Término de materia o nombre geográfico como elemento de entrada Filosofía judía
Fuente del encabezamiento o término embne
9 (RLIN) 12856
852 ## - LOCALIZACIÓN
Ubicación ES-MaACL
Número de control de estantería G-10198
Nota libre -- Enc. hol.
Holdings
Estatus retirado Estado de pérdida Estado de daño No para préstamo Colección Biblioteca de origen Biblioteca actual Ubicación en estantería Fecha de adquisición Fuente de adquisición Total de préstamos Signatura topográfica completa Código de barras Visto por última vez Precio de reemplazo Tipo de ítem Koha
        Libros del s. XIX Biblioteca del Ateneo de Madrid Biblioteca del Ateneo de Madrid Sala Pecera Planta 3 17/01/2008     G-10198 1167903 23/02/2023 23/02/2023 Libro impreso antiguo